Największe miasto Począwszy od L lub Ł w tym kraju - Statystyki

Ogólne statystyki
  • Ten quiz został rozwiązany 137 razy
  • Średni wynik to 10 z 21
Statystyki odpowiedzi
Kraj L Miasto % Poprawnych
Peru Lima
93%
Polska Łodz
81%
Portugalia Lizbona
76%
Francja Lyon
67%
Angola Luanda
65%
Ukraina Lwów
63%
Austria Linz
62%
Stany Zjednoczone Los Angeles
59%
Niemcy Lipsk
55%
Nigeria Lagos
53%
Zambia Lusaka
51%
Togo Lomé
47%
Szwajcaria Lozanna
36%
Gabon Libreville
35%
Cypr Limassol
31%
Włochy Livorno
27%
Egipt Luksor
24%
Irlandia Limerick
22%
Pakistan Lahaur
15%
D.R.Konga Lubumbashi
8%
Indie Lucknow
8%
Nie znaleziono quizów pasujących do podanych kryteriów
Rozkład punktacji
Procent ludzi z każdym wynikiem
Percentyl według liczby udzielonych odpowiedzi
Twoja historia wyników
Nie rozwiązałeś tego quizu